<?xml version="1.0" encoding="UTF-8"?>
<record
    xmlns:xsi="http://www.w3.org/2001/XMLSchema-instance"
    xsi:schemaLocation="http://www.loc.gov/MARC21/slim http://www.loc.gov/standards/marcxml/schema/MARC21slim.xsd"
    xmlns="http://www.loc.gov/MARC21/slim">

  <leader>01576nam a2200289   4500</leader>
  <controlfield tag="001">97</controlfield>
  <controlfield tag="003">OSt</controlfield>
  <controlfield tag="005">20250124092244.0</controlfield>
  <controlfield tag="008">250124b        |||||||g |||| 00| j eng d</controlfield>
  <datafield tag="020" ind1=" " ind2=" ">
    <subfield code="a">8535900098</subfield>
  </datafield>
  <datafield tag="040" ind1=" " ind2=" ">
    <subfield code="b">por</subfield>
  </datafield>
  <datafield tag="041" ind1=" " ind2=" ">
    <subfield code="h">ita</subfield>
    <subfield code="a">por</subfield>
  </datafield>
  <datafield tag="082" ind1=" " ind2=" ">
    <subfield code="a">853</subfield>
    <subfield code="b">C168c</subfield>
  </datafield>
  <datafield tag="100" ind1="1" ind2=" ">
    <subfield code="a">Calvino, Italo,</subfield>
    <subfield code="d">1923-1985</subfield>
    <subfield code="9">212</subfield>
  </datafield>
  <datafield tag="240" ind1=" " ind2=" ">
    <subfield code="a">La strada di San Giovanni</subfield>
  </datafield>
  <datafield tag="245" ind1=" " ind2=" ">
    <subfield code="a">O caminho de San Giovanni /</subfield>
    <subfield code="c">Calvino, Italo ; Tradu&#xE7;&#xE3;o de Roberta Barni</subfield>
  </datafield>
  <datafield tag="260" ind1=" " ind2=" ">
    <subfield code="a">S&#xE3;o Paulo</subfield>
    <subfield code="b">Companhia das Letras</subfield>
    <subfield code="c">2000</subfield>
  </datafield>
  <datafield tag="300" ind1=" " ind2=" ">
    <subfield code="a">119 p.</subfield>
  </datafield>
  <datafield tag="520" ind1=" " ind2=" ">
    <subfield code="a">Os cinco textos reunidos neste livro fazem parte da s&#xE9;rie de "exerc&#xED;cios de mem&#xF3;ria" em que Italo Calvino trabalhava quando morreu. Escritos entre 1962 e 1977, s&#xE3;o heterog&#xEA;neos na forma e na inten&#xE7;&#xE3;o: podem ser descritivos, po&#xE9;ticos, reflexivos, cr&#xED;ticos, constituindo narrativas de car&#xE1;ter fortemente espacial e visual. Longe da autocomplac&#xEA;ncia comum nos relatos autobiogr&#xE1;ficos, e mais do que narrar eventos e revelar fatos da hist&#xF3;ria pessoal, s&#xE3;o quase ensaios sobre o imagin&#xE1;rio da inf&#xE2;ncia e da adolesc&#xEA;ncia do autor, ou sobre temas banais como o lixo dom&#xE9;stico. Mas em Italo Calvino nada &#xE9; prosaico. Nada &#xE9; trivial para esse escritor que inventou, a partir das imagens da inf&#xE2;ncia em San Remo, um "lugar geom&#xE9;trico do eu" e, desse lugar, p&#xF4;s-se a ver o mundo.</subfield>
  </datafield>
  <datafield tag="650" ind1=" " ind2="0">
    <subfield code="a">Literatura italiana</subfield>
    <subfield code="9">164</subfield>
  </datafield>
  <datafield tag="650" ind1=" " ind2="0">
    <subfield code="a">Historias curtas </subfield>
    <subfield code="9">67</subfield>
  </datafield>
  <datafield tag="650" ind1=" " ind2="0">
    <subfield code="a">Experi&#xEA;ncia de vida</subfield>
    <subfield code="9">188</subfield>
  </datafield>
  <datafield tag="650" ind1=" " ind2="0">
    <subfield code="a">Cl&#xE1;ssicos</subfield>
    <subfield code="9">77</subfield>
  </datafield>
  <datafield tag="655" ind1=" " ind2="0">
    <subfield code="a">Conto</subfield>
    <subfield code="9">68</subfield>
  </datafield>
  <datafield tag="700" ind1=" " ind2=" ">
    <subfield code="a">Roberta Barni</subfield>
    <subfield code="e">Tradutor</subfield>
    <subfield code="9">214</subfield>
  </datafield>
  <datafield tag="942" ind1=" " ind2=" ">
    <subfield code="2">ddc</subfield>
    <subfield code="n">0</subfield>
    <subfield code="c">BK</subfield>
  </datafield>
  <datafield tag="952" ind1=" " ind2=" ">
    <subfield code="0">0</subfield>
    <subfield code="1">0</subfield>
    <subfield code="2">ddc</subfield>
    <subfield code="4">0</subfield>
    <subfield code="7">0</subfield>
    <subfield code="8">FIC</subfield>
    <subfield code="a">BIBIB</subfield>
    <subfield code="b">BIBIB</subfield>
    <subfield code="c">LE</subfield>
    <subfield code="d">2002-08-27</subfield>
    <subfield code="e">doa&#xE7;&#xE3;o</subfield>
    <subfield code="l">0</subfield>
    <subfield code="o">853 / C168c</subfield>
    <subfield code="p">2025-0469</subfield>
    <subfield code="r">2025-01-23 08:06:13</subfield>
    <subfield code="w">2025-01-23</subfield>
    <subfield code="y">BK</subfield>
  </datafield>
  <datafield tag="999" ind1=" " ind2=" ">
    <subfield code="c">97</subfield>
    <subfield code="d">97</subfield>
  </datafield>
</record>
